LEADER 01584namaa2200349 i 4500 001 000000178689 003 CaOOAMICUS 005 20260423120502.0 008 260423s2025 it u000 u ita r 020 $a978-88-08-32044-5* 032 $aLibriCat 040 $aPUL$bita 082 04$a346.4501 100 1 $aRicci, Annarita,$d1974-,$eautore.$0(OLS)http://pul/name/113058 245 00$aDegli atti dello stato civile : $bArt. 449 - 455$cAnnarita Ricci. 264 34$aBologna :$bZanichelli,$c2025. 300 $aXVIII, 386 pagine ;$c24 cm 336 $atesto$btxt$2rdacontent 337 $asenza mediazione$an$2rdamedia 338 $avolume$bnc$2rdacarrier 490 1 $aCommentario del codice civile e codici collegati Scialoja-Branca-Galgano.$aLibro Primo.$aDelle persone e della famiglia 504 $aBibliografia in nota. 650 4$aDiritto civile$zItalia.$0(OLS)http://pul/subject/3770 830 0$aCommentario del Codice civile Scialoja-Branca.$bLibro primo, Delle persone e della famiglia ;$vArt. 449-455.$0(OLS)http://pul/title/216719 850 $aPUL 852 $aPUL$W1$xSL Diritto e Scienze Sociali 3$y79$m346. 45 COLL 7.449$j202462$qDDC 21$B207873$CPULBib$Z2$F207873 $H138572 $82 941 1 $a9 996 $6020$a978-88-08-32044-5*$9(OLS)http://pul/number/170948 996 $6082$a346.4501$9(OLS)http://pul/classification/451 996 $6245$aDegli atti dello stato civile : $bArt. 449 - 455$9(OLS)http://pul/title/220265 996 $6264$aBologna :$bZanichelli$9(OLS)http://pul/publisher/48255